00309nam a22001217a 4500003000400000020001800004082000800022100000900030245008500039260002600124300000900150650002800159SGT a9780333747711 aICR aICRC aTHE INTERNATIONAL COMMITTEEE OF THE RED CROSS AND THE PROTECTION OF WAR VICTIMS  aNEW DELHIbICRCc2012 a1161 aINTERNATIONAL COMMITTEE